LEADER 02990nam 2200673 450 001 9910815928803321 005 20230803021722.0 010 $a1-118-63317-2 010 $a1-118-63315-6 010 $a1-118-63319-9 035 $a(CKB)2550000001123282 035 $a(EBL)1404582 035 $a(OCoLC)859403866 035 $a(SSID)ssj0001000526 035 $a(PQKBManifestationID)11541178 035 $a(PQKBTitleCode)TC0001000526 035 $a(PQKBWorkID)10950735 035 $a(PQKB)10258126 035 $a(MiAaPQ)EBC4037091 035 $a(MiAaPQ)EBC1404582 035 $a(Au-PeEL)EBL1404582 035 $a(CaPaEBR)ebr10767591 035 $a(EXLCZ)992550000001123282 100 $a20121215d2013 uy| 0 101 0 $aeng 135 $aur|n|---||||| 181 $ctxt 182 $cc 183 $acr 200 12$aA practitioner's guide to effective maritime and port security /$fMichael Edgerton 210 1$aHoboken, New Jersey :$cWiley, a John Wiley & Sons, Inc., publication,$d[2013] 215 $a1 online resource (298 p.) 300 $aIncludes index. 311 $a1-118-09991-5 311 $a1-299-90767-9 320 $aIncludes bibliographical references at the end of each chapters and index. 327 $apart one. The international maritime operating environment -- part two. Threats to ports and the maritime domain -- part three. Current approaches to maritime and port security -- part four. Principles for effective maritime and port security. 330 $a Sets forth practices to ensure security and foster international trade Written with an international perspective, this book analyzes the complex set of factors affecting the security of port and maritime operations, including shipping, politics, economics, crime, and terrorism. Author Michael Edgerton critiques current approaches to maritime and port security based on his more than twenty-five years of experience in the field. He not only points out vulnerabilities in today's practices, but also provides a set of proven and tested recommendations that recognize the role and int 606 $aHarbors$xSecurity measures 606 $aShipping$xSecurity measures 606 $aMaritime terrorism$xPrevention 606 $aHarbors$xSecurity measures$zUnited States 606 $aShipping$xSecurity measures$zUnited States 606 $aMaritime terrorism$zUnited States$xPrevention 615 0$aHarbors$xSecurity measures. 615 0$aShipping$xSecurity measures. 615 0$aMaritime terrorism$xPrevention. 615 0$aHarbors$xSecurity measures 615 0$aShipping$xSecurity measures 615 0$aMaritime terrorism$xPrevention. 676 $a363.28/9 700 $aEdgerton$b Michael$f1961-$01603681 801 0$bMiAaPQ 801 1$bMiAaPQ 801 2$bMiAaPQ 906 $aBOOK 912 $a9910815928803321 996 $aA practitioner's guide to effective maritime and port security$93928159 997 $aUNINA LEADER 04346nam 2200673 a 450 001 9910437902003321 005 20260331110506.0 010 $a9781299337107 010 $a1299337104 010 $a9781447149446 010 $a1447149440 024 7 $a10.1007/978-1-4471-4944-6 035 $a(OCoLC)828302620 035 $a(MiFhGG)GVRL6WJA 035 $a(CKB)2670000000530156 035 $a(MiAaPQ)EBC1106212 035 $a(MiFhGG)9781447149446 035 $a(MiFhGG)9781447149439 035 $a(EXLCZ)992670000000530156 100 $a20121226d2013 uy 0 101 0 $aeng 135 $aurun|---uuuua 181 $ctxt 182 $cc 183 $acr 200 00$aTuneable film bulk acoustic wave resonators /$fSpartak Sh. Gevorgian, Alexander K. Tagantsev, Andrei K. Vorobiev 205 $a1st ed. 2013. 210 $aLondon ;$aNew York $cSpringer$dc2013 215 $a1 online resource (xviii, 243 pages) $cillustrations (some color) 225 0$aEngineering materials and processes,$x1619-0181 300 $a"ISSN: 1619-0181." 311 08$a9781447149439 311 08$a1447149432 311 08$a9781447158448 311 08$a144715844X 320 $aIncludes bibliographical references and index. 327 $aDielectric and Acoustic Properties of Ferroelectrics and Piezoelectrics -- Models of FBARs -- Making Non-tuneable FBARs Tuneable -- FBARs Utilising Induced Piezoelectric Effect -- Designs of Tuneable FBARs -- Fabrication Processes and Measurements of FBARs -- Circuit Applications -- Conclusion and Challenges. 330 $aTo handle many standards and ever increasing bandwidth requirements, large number of filters and switches are used in transceivers of modern wireless communications systems. It makes the cost, performance, form factor, and power consumption of these systems, including cellular phones, critical issues. At present, the fixed frequency filter banks based on Film Bulk Acoustic Resonators (FBAR) are regarded as one of the most promising technologies to address performance -form factor-cost issues. Even though the FBARs improve the overall performances the complexity of these systems remains high.  Attempts are being made to exclude some of the filters by bringing the digital signal processing (including channel selection) as close to the antennas as possible. However handling the increased interference levels is unrealistic for low-cost battery operated radios. Replacing fixed frequency filter banks by one tuneable filter is the most desired and widely considered scenario. As an example, development of the software based cognitive radios is largely hindered by the lack of adequate agile components, first of all tuneable filters. In this sense the electrically switchable and tuneable FBARs are the most promising components to address the complex cost-performance issues in agile microwave transceivers, smart wireless sensor networks etc. Tuneable Film Bulk Acoustic Wave Resonators discusses FBAR need, physics, designs, modelling, fabrication and applications. Tuning of the resonant frequency of the FBARs is considered. Switchable and tuneable FBARs based on electric field induced piezoelectric effect in paraelectric phase ferroelectrics are covered. The resonance of these resonators may be electrically switched on and off and tuned without hysteresis. The book is aimed at microwave and sensor specialists in the industry and graduate students. Readers will learn about principles of operation and possibilities of the switchable and tuneable FBARs, and will be given general guidelines for designing, fabrication and applications of these devices. 410 0$aEngineering materials and processes. 606 $aThin film devices 606 $aPiezoelectric devices 606 $aResonators 606 $aSound 615 0$aThin film devices. 615 0$aPiezoelectric devices. 615 0$aResonators. 615 0$aSound. 676 $a621.381 676 $a621.3813 701 $aGevorgian$b Spartak Sh$01762770 701 $aTagantsev$b Alexander K$01762771 701 $aVorobiev$b Andrei K$01762772 801 0$bMiAaPQ 801 1$bMiAaPQ 801 2$bMiAaPQ 906 $aBOOK 912 $a9910437902003321 996 $aTuneable film bulk acoustic wave resonators$94202914 997 $aUNINA